Datum a čas kvízu
15.5
Celkem bodů
Celkový počet nahraných bodů na tomto kvízu bez doplňovacích otázek.
8.
Pořadí na kvízu
Konečné umístění týmu na tomto kvízu.
Zaznamenané odpovědi
| # | Otázka | Odpověď | Body | Výsledky |
|---|---|---|---|---|
| 1. | Řídit soupravu pražského metra... | 0 | ||
| 2. | Loď slavného polárního badatel... | 0 | ||
| 3. | Americký herec, známý mimo jin... | 1 | ||
| 4. | Liberecká buňka KSČM zveřejnil... | 0 | ||
| 5. | Francouz Kevin Mayer je mistre... | 1 | ||
| 6. | Partnerem Hospodského kvízu se... | 1 | ||
| 7. | Když se řekne rum, může to něk... | 0 | ||
| 8. | Jak se jmenuje české město, v... | 0 | ||
| 9. | Napište podtitul druhého dílu... | 1 | ||
| 10. | Jak se nazývá země, ze které p... | 0 |